Statistics for NBA Players from USC

Click here to take the quiz!

General Stats

  • This quiz has been taken 3 times
  • The average score is 6 of 41

Answer Stats

PositionPlayerDraft Year% Correct
SGO.J. Mayo2008
67%
GBryce Dejean-Jones2015
67%
GFDeMar DeRozan2009
67%
FTaj Gibson2009
67%
GGus Williams1975
67%
SGNick Young2007
33%
PFChimezie Metu2018
33%
PGDwight Anderson1982
33%
PFBrian Scalabrine2001
33%
PFNikola Vucevic2011
33%
SGHarold Miner1992
33%
PGDan Anderson1974
33%
GFRodrick Rhodes1997
0%
GJeff Trepaginer2001
0%
GDesmon Farmer2004
0%
GFJim SeminoffN/A
0%
GGabe Pruitt2007
0%
PFAlex Stephenson2011
0%
PFDewayne Dedmon2013
0%
SGDe'Anthony Melton2018
0%
GJordan McLaughlin2018
0%
PGDuane Cooper1992
0%
GBo Kimble1990
0%
SGRobert Pack1991
0%
SFBill Hewitt1968
0%
FJack Nichols1948
0%
FCAlex Hannum1948
0%
GBill Sharman1950
0%
FJohn Rudometkin1962
0%
FCJohn Block1966
0%
SFJim Marsh1968
0%
PGMack Calvin1969
0%
GGene Rock1947
0%
PGMo Layton1971
0%
GPaul Westphal1972
0%
PFRon Riley1972
0%
CJohn Lambert1975
0%
FCSteve Malovic1978
0%
FCliff Robinson1979
0%
FChris Munk1990
0%
SFKevin Porter, Jr.2019
0%

Score Distribution

Percentile by Number Answered

Percent of People with Each Score

Your Score History

You have not taken this quiz